| 000 | 00421nam a22001457a 4500 | ||
|---|---|---|---|
| 003 | OSt | ||
| 005 | 20260128051815.0 | ||
| 008 | 260128b |||||||| |||| 00| 0 eng d | ||
| 040 |
_aDWC-Main lib. _cOC |
||
| 082 | _aSC. 320 P193 2003 | ||
| 245 | _aMga pangalan ng tanggapan ng pamahalaan sa Filipino/ | ||
| 260 |
_aManila: _bKomisyon sa Wikang Filipino, _cc2003. |
||
| 300 |
_a60 p. ; _c 22 cm. |
||
| 942 |
_2ddc _cSC _hSC. _n0 |
||
| 999 |
_c7893 _d7893 |
||